Pays par latitude et longitude - Statistiques

Statistiques générales
  • Ce quiz a été pris 118 fois
  • Le résultat moyen est 7 sur 20
Statistiques - réponses
emplacement pays % Correct
55°N 42°E Russie
96%
23°S 69°O Chili
67%
48°N 0°O France
61%
0°N 37°E Kenya
45%
45°N 10°E Italie
43%
39°N 140°E Japon
39%
35°N 62°E Afghanistan
37%
27°N 4°E Algérie
35%
27°S 24°E Afrique du Sud
33%
35°N 61°E Iran
33%
27°N 107°O Mexique
33%
36°N 62°E Turkménistan
33%
34°N 103°E Chine
29%
70°N 28°E Finlande
25%
7°N 126°E Philippines
25%
10°S 75°O Pérou
22%
52°N 19°E Pologne
22%
18°S 144°E Australie
20%
18°S 178°E Fidji
20%
22°N 80°O Cuba
18%
Aucun quiz correspondant
Distribution des résultats
% des personnes avec chaque résultat
Percentile par nombre de réponses
Votre historique - résultats
Vous n’avez pas pris ce quiz